Sociology of Indian culture (Record no. 349144)

000 -LEADER
fixed length control field 00365cam a22001337a 4500
008 - FIXED-LENGTH DATA ELEMENTS--GENERAL INFORMATION
fixed length control field 180718b1979 xxu||||| |||| 00| 0 eng d
082 ## - DEWEY DECIMAL CLASSIFICATION NUMBER
Classification number B11x54 M896s
100 ## - MAIN ENTRY--PERSONAL NAME
Personal name Mukerji, Dhurjati Prasad
245 ## - TITLE STATEMENT
Title Sociology of Indian culture
Statement of responsibility, etc. by Dhurjati Prasad Mukerji
250 ## - EDITION STATEMENT
Edition statement 2nd ed.
260 ## - PUBLICATION, DISTRIBUTION, ETC.
Place of publication, distribution, etc. Jaipur
Name of publisher, distributor, etc. Rawat
Date of publication, distribution, etc. 1979
300 ## - PHYSICAL DESCRIPTION
Extent 235p.
650 ## - SUBJECT ADDED ENTRY--TOPICAL TERM
Topical term or geographic name entry element Culture - India
Holdings
Withdrawn status Lost status Damaged status Not for loan Permanent Location Current Location Date acquired Full call number Barcode Date last seen Price effective from Koha item type
        Indian Institute of Public Administration Indian Institute of Public Administration 1993-10-29 B11x54 M896s 61397 2018-07-21 2018-07-21 Book

Powered by Koha